Đặc điểm nghệ thuật ký của Hoàng Phủ Ngọc Tường : Luận văn Thạc sĩ Ngữ văn chuyên ngành Văn học Việt Nam

Luận văn giúp cho chúng ta có cái nhìn toàn cảnh về thể loại ký nói chung và những tác phẩm ký của Hoàng Phủ Ngọc Tường nói riêng,làm rõ những nét đặc điểm nghệ thuật nổi bật trong ký của Hoàng Phủ Ngọc Tường.Đồng thời,luận văn còn gi...

Volledige beschrijving

Bewaard in:
Bibliografische gegevens
Hoofdauteur: Huỳnh, Quốc Trung
Formaat: Boek
Taal:Undetermined
Gepubliceerd in: Cần Thơ Trường Đại học Cần Thơ 2010
Onderwerpen:
Tags: Voeg label toe
Geen labels, Wees de eerste die dit record labelt!
Thư viện lưu trữ: Trung tâm Học liệu Trường Đại học Cần Thơ
LEADER 01404nam a2200217Ia 4500
001 CTU_163500
008 210402s9999 xx 000 0 und d
082 |a 895.9228009 
082 |b Tr513 
088 |a 60220121 
100 |a Huỳnh, Quốc Trung 
245 0 |a Đặc điểm nghệ thuật ký của Hoàng Phủ Ngọc Tường : 
245 0 |b Luận văn Thạc sĩ Ngữ văn chuyên ngành Văn học Việt Nam 
245 0 |c Huỳnh Quốc Trung; Nguyễn Hoa Bằng (Hướng dẫn khoa học) 
260 |a Cần Thơ 
260 |b Trường Đại học Cần Thơ 
260 |c 2010 
520 |a Luận văn giúp cho chúng ta có cái nhìn toàn cảnh về thể loại ký nói chung và những tác phẩm ký của Hoàng Phủ Ngọc Tường nói riêng,làm rõ những nét đặc điểm nghệ thuật nổi bật trong ký của Hoàng Phủ Ngọc Tường.Đồng thời,luận văn còn gíp cho người đọc ghi nhận thành quả lao động nghệ thuật mà nhà văn đóng góp cho thể loại ký hiện đại sau năm 1975,cũng như thể loại ký trước đó, 
650 |a Vietnamese literature,Văn học Việt Nam 
904 |i Thoa, Hải 
980 |a Trung tâm Học liệu Trường Đại học Cần Thơ